Normal view MARC view

Entry Geographic Name

Number of records used in: 1

001 - CONTROL NUMBER

  • control field: 50155

003 - CONTROL NUMBER IDENTIFIER

  • control field: AUA.1

005 - DATE AND TIME OF LATEST TRANSACTION

  • control field: 20150707164132.0

008 - FIXED-LENGTH DATA ELEMENTS

  • fixed length control field: 150707|||a|||||| | ||| d

040 ## - CATALOGING SOURCE

  • Original cataloging agency: AUA.1
  • Transcribing agency: AUA.1

151 ## - HEADING--GEOGRAPHIC NAME

  • Geographic name: Kenya
  • General subdivision: Kariobangi SDA, Central Kenya Conference

670 ## - SOURCE DATA FOUND

  • Source citation: Work cat.: (AUA.1): Nyandieka Stanley Machuma 50153, A strategy for increasing the numbers of members returning tithe in Kariobangi Seventh-day Adventist Church, Central Kenya Conference /